Score 0/20 Timer 06:00
0 Plays Today
% Correct
qu'on prenne
98.4%
que tu lises
98.4%
qu'elle se sente
97.7%
que vous mettiez
97.7%
que nous riions
97.7%
que nous nettoyions
97.7%
qu'on boive
97.7%
qu'elles disent
96.9%
que j'écrive
96.9%
qu'ils célèbrent
96.9%
% Correct
que vous viviez
96.1%
que j'achète
96.1%
que nous recevions
95.3%
que tu croies
95.3%
que je dorme
94.6%
que je meure
94.6%
qu'il s'en aille
93.8%
qu'ils connaissent
93.8%
qu'il vienne
93%
que tu mentes
91.5%
Remove Ads.
Support Sporcle.
Get the best of Sporcle when you Go Orange. This ad-free experience offers more features, more stats, and more fun while also helping to support Sporcle. Thank you for becoming a member.

You're not logged in!

Compare scores with friends on all Sporcle quizzes.
OR
Log In

Show Comments

Extras

Top Quizzes Today


Score Distribution

Your Account Isn't Verified!

In order to create a playlist on Sporcle, you need to verify the email address you used during registration. Go to your Sporcle Settings to finish the process.

Report this User

Report this user for behavior that violates our Community Guidelines.

Details: